| 000 | 01181nam0a22003011 4500 | ||
|---|---|---|---|
| 001 | rc\3782110 | ||
| 005 | 20260407115928.0 | ||
| 021 |
_aRU _bРг8982-75 |
||
| 035 | _a(NLR Aleph) 007231647 | ||
| 090 |
_a7729207 _c7729207 |
||
| 100 | _a20120207d1975 |||y0rusy50 ca | ||
| 101 | 0 |
_arus _alav _aeng _ager |
|
| 102 | _aRU | ||
| 105 | _aa z ||||| | ||
| 200 | 1 |
_aЛатвийский этнографический музей под открытым небом _eФотоальбом _fСост. Нестерова А.А. и Гусева М.Р. |
|
| 210 |
_aРига _cЛиесма _d1975 |
||
| 215 |
_a[96] с. _cил. _d18х22 |
||
| 300 | _aОписано по вып. дан. | ||
| 300 | _aТекст на рус., латыш., англ. и нем. яз. | ||
| 300 | _aТит. л. на латыш. яз. | ||
| 702 | 1 |
_aГусева _bМ.Р. _4220 |
|
| 702 | 1 |
_aНестерова _bА.А. _gАусма Альфредовна _4220 |
|
| 710 | 0 | 2 |
_aЛатвийский этнографический музей _cРига _3RU\NLR\AUTH\8810068230 _9638076 |
| 801 | 0 |
_aRU _bNLR _gpsbo |
|
| 801 | 1 |
_aRU _bELAR _2rusmarc |
|
| 852 |
_aNLR _jЭ АлЭтн63/1-Л278 |
||
| 942 | _cBOOK | ||
| 980 | _aNB | ||